000
00220nam a2200097Ia 4500
008
240331s9999 xx 000 0 und d
082
_b
CHI
100
_a
Logo. ed
245
4
_a
The Asian Child :
_b
Logos v-18,No.3
942
_c
L
999
_c
1528
_d
1528